[Event "XXVI OPEN INTERNACIONAL AYTO DE ERANDIO 2017"]
[Site "Erandio (Bizkaia)"]
[Date "2017.12.19"]
[Round "4"]
[Board "5"]
[White "Blesa Fernandez, Francisco"]
[Black "Svyatoslav, Vorobyev"]
[Result "0-1"]
[WhiteElo "2046"]
[BlackElo "1955"]
[PlyCount "46"]
[EventDate "2017.12.16"]
[EventRounds "8"]
[EventCountry "ESP"]

1. d4 Nf6 2. c4 e6 3. Nf3 b6 4. g3 Ba6 5. b3 Bb4+ 6. Bd2 Be7 7. Bg2 c6 8. O-O
d5 9. Ne5 Nfd7 10. Nxd7 Nxd7 11. Bc3 O-O 12. Nd2 f5 13. Re1 Nf6 14. Qc2 Rc8 15.
c5 Ne4 16. Nxe4 fxe4 17. b4 Bc4 18. f3 Bg5 19. fxe4 Be3+ 20. Kh1 Rf2 21. Bf3
Qf6 22. Rf1 Qxf3+ 23. exf3 Rxc2  0-1

[Event "XXVI OPEN INTERNACIONAL AYTO DE ERANDIO 2017"]
[Site "Erandio (Bizkaia)"]
[Date "2017.12.19"]
[Round "4"]
[Board "7"]
[White "Gamarra Rodriguez, Victor Manuel"]
[Black "Cuero Reid, Maximo Javier"]
[Result "1-0"]
[WhiteElo "1511"]
[BlackElo "1800"]
[PlyCount "53"]
[EventDate "2017.12.16"]
[EventRounds "8"]
[EventCountry "ESP"]

1. d4 d6 2. Nf3 Bg4 3. e3 Nd7 4. Be2 Ngf6 5. c4 e5 6. dxe5 dxe5 7. Nc3 c6 8.
O-O Be7 9. Qc2 O-O 10. Rd1 Qa5 11. a3 Rfe8 12. b4 Qc7 13. Bb2 Bh5 14. c5 Bg6
15. Bd3 Nf8 16. Bxg6 Nxg6 17. Rd2 Rad8 18. Rad1 Rxd2 19. Rxd2 Rd8 20. h3 Rxd2
21. Nxd2 Qd7 22. Nc4 Qe6 23. Ne4 Nd5 24. Ned6 b5 25. Na5 Qd7 26. Qf5 Qxf5 27.
Nxf5  1-0

[Event "XXVI OPEN INTERNACIONAL AYTO DE ERANDIO 2017"]
[Site "Erandio (Bizkaia)"]
[Date "2017.12.19"]
[Round "4"]
[Board "8"]
[White "Perez Novoa, Miguel"]
[Black "Asensio Arino, Juan Angel"]
[Result "0-1"]
[WhiteElo "1719"]
[BlackElo "1526"]
[PlyCount "63"]
[EventDate "2017.12.16"]
[EventRounds "8"]
[EventCountry "ESP"]

1. e4 c5 2. Nf3 d6 3. d4 cxd4 4. Nxd4 Nc6 5. Nc3 a6 6. Be2 e5 7. Nb3 Be6 8. O-O
Nf6 9. Kh1 Be7 10. f4 O-O 11. f5 Bd7 12. g4 b5 13. g5 Ne8 14. Rg1 Kh8 15. Nd5
f6 16. h4 Nc7 17. Nb6 Rb8 18. Be3 Be8 19. Nd5 Bf7 20. Nxe7 Qxe7 21. gxf6 gxf6
22. Bf3 Rg8 23. Qd2 Rbd8 24. Rxg8+ Rxg8 25. Rg1 Ne8 26. c3 Qb7 27. Rxg8+ Bxg8
28. Nc1 Ne7 29. Qg2 Nc7 30. Bh6 Ne8 31. Bh5 Nxf5 32. Bxe8  0-1

[Event "XXVI OPEN INTERNACIONAL AYTO DE ERANDIO 2017"]
[Site "Erandio (Bizkaia)"]
[Date "2017.12.19"]
[Round "4"]
[Board "9"]
[White "Hernandez Garcia, Maximo"]
[Black "Martin Ibisate, Xabier"]
[Result "1-0"]
[WhiteElo "2009"]
[BlackElo "1670"]
[PlyCount "65"]
[EventDate "2017.12.16"]
[EventRounds "8"]
[EventCountry "ESP"]

1. e4 c5 2. Nf3 Nf6 3. Nc3 Nc6 4. d4 cxd4 5. Nxd4 e6 6. Nxc6 bxc6 7. e5 Nd5 8.
Nxd5 cxd5 9. Bd3 d6 10. Qe2 dxe5 11. Qxe5 Qd6 12. Bb5+ Bd7 13. Bxd7+ Kxd7 14.
Qe2 Be7 15. O-O Rhc8 16. c3 Rc4 17. Be3 a5 18. Bd4 f6 19. g3 Rc7 20. Qg4 Bf8
21. c4 Ke8 22. cxd5 e5 23. Rfe1 Kf7 24. Be3 Qxd5 25. Rad1 Qe6 26. Qe4 Rac8 27.
Qxh7 Rc2 28. Re2 f5 29. Qh5+ g6 30. Qh7+ Ke8 31. Rxc2 Rxc2 32. Bg5 Qb6 33. Qd7#
 1-0

[Event "XXVI OPEN INTERNACIONAL AYTO DE ERANDIO 2017"]
[Site "Erandio (Bizkaia)"]
[Date "2017.12.20"]
[Round "5"]
[Board "1"]
[White "Prieto Aranguren, Alain"]
[Black "Laiz Ibanez, Hector"]
[Result "1-0"]
[WhiteElo "2238"]
[BlackElo "2253"]
[PlyCount "77"]
[EventDate "2017.12.16"]
[EventRounds "8"]
[EventCountry "ESP"]

1. d4 Nf6 2. c4 e6 3. Nc3 Bb4 4. e3 O-O 5. Nge2 d5 6. a3 Be7 7. cxd5 exd5 8. g3
a5 9. Bg2 c6 10. O-O Na6 11. Qc2 Re8 12. Rd1 Bf8 13. h3 h5 14. Bd2 g6 15. f3 c5
16. dxc5 Nxc5 17. Nd4 Qc7 18. Nce2 Bd7 19. Rdc1 a4 20. Kf2 Rac8 21. Bc3 Bh6 22.
Nf4 h4 23. Nde2 hxg3+ 24. Kg1 Nb3 25. Qd1 Nxc1 26. Rxc1 Qb6 27. Bd4 Qd6 28. Rc3
Rxc3 29. Bxc3 Bg7 30. Bd4 Nh5 31. Bxg7 Nxg7 32. Nxd5 Bc6 33. Nec3 Nf5 34. Ne4
Rxe4 35. fxe4 Nh4 36. Qd4 Bxd5 37. exd5 Nf5 38. Qxa4 Nxe3 39. Qe8+  1-0

[Event "XXVI OPEN INTERNACIONAL AYTO DE ERANDIO 2017"]
[Site "Erandio (Bizkaia)"]
[Date "2017.12.20"]
[Round "5"]
[Board "2"]
[White "Segura Del Frago, Imanol"]
[Black "Garrido Legarreta, Jose Javier"]
[Result "1-0"]
[WhiteElo "1961"]
[BlackElo "1991"]
[PlyCount "45"]
[EventDate "2017.12.16"]
[EventRounds "8"]
[EventCountry "ESP"]

1. c4 Nf6 2. Nc3 d5 3. d4 g6 4. g3 Bg7 5. Bg2 dxc4 6. Qa4+ Nfd7 7. Nf3 Nc6 8.
O-O Nb6 9. Qb5 O-O 10. Bf4 Nxd4 11. Nxd4 Qxd4 12. Bxc7 Bd7 13. Qb4 Bc6 14. Rfd1
Qf6 15. Bxb6 Bxg2 16. Bd4 Qc6 17. Bxg7 Kxg7 18. Qxe7 Rfe8 19. Qh4 Be4 20. Rd4
f5 21. Rad1 h5 22. Rd7+ Kg8 23. R1d6  1-0

[Event "XXVI OPEN INTERNACIONAL AYTO DE ERANDIO 2017"]
[Site "Erandio (Bizkaia)"]
[Date "2017.12.20"]
[Round "5"]
[Board "3"]
[White "Garcinuno Gonzalez, David"]
[Black "Mate Adan, Carlos"]
[Result "0-1"]
[WhiteElo "1745"]
[BlackElo "2257"]
[PlyCount "46"]
[EventDate "2017.12.16"]
[EventRounds "8"]
[EventCountry "ESP"]

1. e4 e6 2. d4 d5 3. Nc3 Nf6 4. e5 Nfd7 5. f4 c5 6. Nf3 Nc6 7. Be3 Be7 8. Bd3
O-O 9. O-O f6 10. exf6 Nxf6 11. dxc5 d4 12. Nxd4 Nxd4 13. Bxh7+ Kxh7 14. Bxd4
Kg8 15. Qd3 Qc7 16. b4 a5 17. Be5 Qc6 18. a3 b6 19. cxb6 axb4 20. axb4 Bb7 21.
Qh3 Rxa1 22. Rxa1 Bxb4 23. Ra7 Qxb6+  0-1

[Event "XXVI OPEN INTERNACIONAL AYTO DE ERANDIO 2017"]
[Site "Erandio (Bizkaia)"]
[Date "2017.12.20"]
[Round "5"]
[Board "4"]
[White "Moreto Quintana, Alex"]
[Black "Gamarra Rodriguez, Victor Manuel"]
[Result "1-0"]
[WhiteElo "2076"]
[BlackElo "1511"]
[PlyCount "39"]
[EventDate "2017.12.16"]
[EventRounds "8"]
[EventCountry "ESP"]

1. e4 e6 2. d4 d5 3. Nc3 Bb4 4. a3 Bxc3+ 5. bxc3 Nf6 6. e5 Nfd7 7. Qg4 g6 8.
Bg5 f5 9. Qf4 Qxg5 10. Qxg5 O-O 11. h4 Rf7 12. h5 Nf8 13. hxg6 Nxg6 14. Nh3 Nd7
15. Nf4 Ndf8 16. Be2 Rg7 17. Nh5 Rf7 18. Nf6+ Kh8 19. Bh5 Rg7 20. Bxg6  1-0

[Event "XXVI OPEN INTERNACIONAL AYTO DE ERANDIO 2017"]
[Site "Erandio (Bizkaia)"]
[Date "2017.12.20"]
[Round "5"]
[Board "5"]
[White "Svyatoslav, Vorobyev"]
[Black "Asensio Arino, Juan Angel"]
[Result "1-0"]
[WhiteElo "1955"]
[BlackElo "1526"]
[PlyCount "51"]
[EventDate "2017.12.16"]
[EventRounds "8"]
[EventCountry "ESP"]

1. e4 c5 2. Nf3 d6 3. d4 cxd4 4. Nxd4 Nf6 5. Nc3 a6 6. h3 e5 7. Nde2 Nc6 8. g4
b5 9. a3 Be6 10. Bg2 Be7 11. O-O O-O 12. Ng3 Qd7 13. Nf5 Rad8 14. Be3 Rfe8 15.
g5 Nxe4 16. Nxe7+ Nxe7 17. Nxe4 Bxh3 18. Qf3 Bxg2 19. Kxg2 Nf5 20. Rh1 Nxe3+
21. fxe3 d5 22. Nf6+ gxf6 23. gxf6 Kh8 24. Rxh7+ Kxh7 25. Qh5+ Kg8 26. Qg5+  1-0

[Event "XXVI OPEN INTERNACIONAL AYTO DE ERANDIO 2017"]
[Site "Erandio (Bizkaia)"]
[Date "2017.12.20"]
[Round "5"]
[Board "6"]
[White "Perez Pacheco, Ricardo"]
[Black "Martinez De Soria Gordon, Jose Manuel"]
[Result "1-0"]
[WhiteElo "2205"]
[BlackElo "1930"]
[PlyCount "103"]
[EventDate "2017.12.16"]
[EventRounds "8"]
[EventCountry "ESP"]

1. e4 c5 2. Nf3 e6 3. d4 cxd4 4. Nxd4 a6 5. c4 Nf6 6. Nc3 Qc7 7. a3 Be7 8. Be3
O-O 9. Be2 d6 10. Rc1 Bd7 11. O-O Bc6 12. f3 Nbd7 13. b4 b6 14. Nd5 Bxd5 15.
cxd5 Qb7 16. dxe6 fxe6 17. Nxe6 Rfc8 18. Qb3 Kh8 19. Ng5 h6 20. Nf7+ Kh7 21.
Qe6 Nf8 22. Qf5+ Kg8 23. e5 Kxf7 24. exf6 Bxf6 25. Bc4+ Rxc4 26. Rxc4 b5 27.
Rc2 Re8 28. Bf2 Re5 29. Qd3 Rd5 30. Rc7+ Kg8 31. Qc2 Rd2 32. Qb3+ Qd5 33. Qxd5+
Rxd5 34. Ra7 Ne6 35. Rxa6 Nf4 36. Be3 Ne2+ 37. Kf2 Nc3 38. Rc1 Kh7 39. Bf4 Nd1+
40. Ke2 Nb2 41. Rxd6 Rf5 42. Bg3 Nc4 43. Ra6 Bb2 44. Rc2 Rf8 45. Bf2 Re8+ 46.
Kf1 Rc8 47. Kg1 Rd8 48. g3 Rd3 49. a4 Rd1+ 50. Kg2 Bd4 51. axb5 Bxf2 52. Kxf2
 1-0

[Event "XXVI OPEN INTERNACIONAL AYTO DE ERANDIO 2017"]
[Site "Erandio (Bizkaia)"]
[Date "2017.12.20"]
[Round "5"]
[Board "7"]
[White "Toledo Sanz, Imanol"]
[Black "Hernandez Garcia, Maximo"]
[Result "1-0"]
[WhiteElo "1822"]
[BlackElo "2009"]
[PlyCount "95"]
[EventDate "2017.12.16"]
[EventRounds "8"]
[EventCountry "ESP"]

1. e4 e5 2. Nf3 Nc6 3. Bb5 a6 4. Ba4 Nf6 5. O-O b5 6. Bb3 Be7 7. d3 O-O 8. a4
b4 9. Nbd2 d6 10. a5 Be6 11. Bxe6 fxe6 12. Nc4 Nd4 13. Nxd4 exd4 14. Qe2 Nd7
15. Bd2 d5 16. exd5 exd5 17. Qe6+ Kh8 18. Qxd5 c5 19. Rae1 Nf6 20. Qxd8 Bxd8
21. Re5 Rc8 22. h3 Rc6 23. Rfe1 Nd7 24. Re6 Rxe6 25. Rxe6 Rf6 26. Rxf6 Bxf6 27.
Bf4 Bd8 28. Kf1 Kg8 29. Ke2 Kf7 30. Nd6+ Ke6 31. Ne8 Bxa5 32. Nxg7+ Kd5 33. g3
Bd8 34. g4 Nf8 35. Bg3 Ng6 36. f4 a5 37. g5 Nf8 38. h4 Ne6 39. Ne8 Nc7 40.
Nxc7+ Bxc7 41. h5 Bd8 42. Kf3 Be7 43. Be1 Bf8 44. Kg4 Bg7 45. f5 h6 46. f6 Bf8
47. g6 Ke6 48. g7  1-0

[Event "XXVI OPEN INTERNACIONAL AYTO DE ERANDIO 2017"]
[Site "Erandio (Bizkaia)"]
[Date "2017.12.20"]
[Round "5"]
[Board "9"]
[White "Mendez Nunez, Jose Antonio"]
[Black "Uria Ramirez, Aitor"]
[Result "0-1"]
[WhiteElo "1721"]
[BlackElo "1942"]
[PlyCount "44"]
[EventDate "2017.12.16"]
[EventRounds "8"]
[EventCountry "ESP"]

1. e4 e5 2. f4 exf4 3. Nf3 g5 4. h4 g4 5. Ne5 d6 6. Nxg4 Be7 7. Bc4 Bxh4+ 8.
Kf1 Qg5 9. Nf2 Bxf2 10. Qe2 Bg3 11. Rh5 Qg4 12. Qxg4 Bxg4 13. Rg5 h5 14. b3 Bh4
15. Rg7 Bf6 16. Rxf7 Nd7 17. Rxf6 Ngxf6 18. Bb2 O-O-O 19. Na3 Nxe4 20. Bxh8
Nxd2+ 21. Kg1 Nxc4 22. Nxc4 Rxh8  0-1

[Event "XXVI OPEN INTERNACIONAL AYTO DE ERANDIO 2017"]
[Site "Erandio (Bizkaia)"]
[Date "2017.12.21"]
[Round "6"]
[Board "1"]
[White "Segura Del Frago, Imanol"]
[Black "Prieto Aranguren, Alain"]
[Result "1-0"]
[WhiteElo "1961"]
[BlackElo "2238"]
[PlyCount "85"]
[EventDate "2017.12.16"]
[EventRounds "8"]
[EventCountry "ESP"]

1. c4 Nf6 2. g3 g6 3. Bg2 Bg7 4. Nc3 O-O 5. e4 d6 6. Nge2 e5 7. O-O Nc6 8. d3
Nd7 9. Rb1 a5 10. a3 Nc5 11. b4 axb4 12. axb4 Ne6 13. b5 Ncd4 14. Nxd4 Nxd4 15.
Ne2 Nxe2+ 16. Qxe2 c6 17. Be3 Bd7 18. bxc6 bxc6 19. Rb7 Be6 20. Rfb1 Qc8 21.
Qb2 f5 22. exf5 gxf5 23. f4 Ra6 24. fxe5 dxe5 25. Rxg7+ Kxg7 26. Qxe5+ Kg6 27.
Bd4 Qd7 28. Rb7 Ra5 29. c5 Rxc5 30. Bxc5 Qxb7 31. Qxe6+ Rf6 32. Qg8+ Kh6 33.
Be3+ f4 34. Bxf4+ Rxf4 35. gxf4 Qb1+ 36. Bf1 Qb6+ 37. Kg2 Qb2+ 38. Kf3 Qb5 39.
h4 Qd5+ 40. Qxd5 cxd5 41. Kg4 d4 42. f5 Kg7 43. Kf4  1-0

[Event "XXVI OPEN INTERNACIONAL AYTO DE ERANDIO 2017"]
[Site "Erandio (Bizkaia)"]
[Date "2017.12.21"]
[Round "6"]
[Board "2"]
[White "Laiz Ibanez, Hector"]
[Black "Mate Adan, Carlos"]
[Result "1/2-1/2"]
[WhiteElo "2253"]
[BlackElo "2257"]
[PlyCount "53"]
[EventDate "2017.12.16"]
[EventRounds "8"]
[EventCountry "ESP"]

1. e4 e6 2. d4 d5 3. Nc3 Nf6 4. e5 Nfd7 5. f4 c5 6. Nf3 Nc6 7. Be3 Be7 8. Qd2
O-O 9. h4 Qa5 10. Bd3 cxd4 11. Nxd4 Nxd4 12. Bxd4 Nc5 13. h5 Bd7 14. O-O Rac8
15. Qf2 h6 16. g4 Nxd3 17. cxd3 Bc5 18. Bxc5 Qxc5 19. d4 Qe7 20. Rac1 f5 21.
exf6 Rxf6 22. Qe3 Qb4 23. Rf2 Rcf8 24. Qe5 Qc4 25. Qe3 Qb4 26. Qe5 Qc4 27. Qe3
 1/2-1/2

[Event "XXVI OPEN INTERNACIONAL AYTO DE ERANDIO 2017"]
[Site "Erandio (Bizkaia)"]
[Date "2017.12.21"]
[Round "6"]
[Board "3"]
[White "Svyatoslav, Vorobyev"]
[Black "Moreto Quintana, Alex"]
[Result "0-1"]
[WhiteElo "1955"]
[BlackElo "2076"]
[PlyCount "62"]
[EventDate "2017.12.16"]
[EventRounds "8"]
[EventCountry "ESP"]

1. e4 c5 2. Nf3 e6 3. d4 cxd4 4. Nxd4 Nc6 5. Nc3 Qc7 6. Be2 a6 7. O-O Nf6 8.
Be3 Be7 9. f4 d6 10. a4 O-O 11. Nb3 b6 12. Qe1 Nb4 13. Rc1 d5 14. Qf2 Rb8 15.
Bf3 dxe4 16. Nxe4 Nfd5 17. g3 Nxe3 18. Qxe3 Bd7 19. Nc3 Rfc8 20. Rfd1 Be8 21.
Rd2 Rd8 22. Rcd1 Rxd2 23. Rxd2 Nxc2 24. Rxc2 Bxa4 25. Nxa4 Qxc2 26. Be2 b5 27.
Nac5 Bxc5 28. Nxc5 Qxb2 29. Bd3 a5 30. Qe4 g6 31. g4 Qc1+  0-1

[Event "XXVI OPEN INTERNACIONAL AYTO DE ERANDIO 2017"]
[Site "Erandio (Bizkaia)"]
[Date "2017.12.21"]
[Round "6"]
[Board "4"]
[White "Uria Ramirez, Aitor"]
[Black "Toledo Sanz, Imanol"]
[Result "1-0"]
[WhiteElo "1942"]
[BlackElo "1822"]
[PlyCount "43"]
[EventDate "2017.12.16"]
[EventRounds "8"]
[EventCountry "ESP"]

1. e4 c5 2. Nf3 d6 3. Bb5+ Nd7 4. O-O Ngf6 5. Re1 a6 6. Bf1 b5 7. d4 cxd4 8.
Qxd4 e6 9. a4 e5 10. Qc3 Bb7 11. Bg5 Rc8 12. Qd2 Bxe4 13. Nc3 Bxf3 14. gxf3 b4
15. Nd5 Qa5 16. Nxb4 d5 17. c3 d4 18. Bxa6 Rc7 19. Bb5 Be7 20. Rxe5 Kd8 21.
Qxd4 h6 22. Bxd7  1-0

[Event "XXVI OPEN INTERNACIONAL AYTO DE ERANDIO 2017"]
[Site "Erandio (Bizkaia)"]
[Date "2017.12.21"]
[Round "6"]
[Board "5"]
[White "Blesa Fernandez, Francisco"]
[Black "Perez Pacheco, Ricardo"]
[Result "1/2-1/2"]
[WhiteElo "2046"]
[BlackElo "2205"]
[PlyCount "61"]
[EventDate "2017.12.16"]
[EventRounds "8"]
[EventCountry "ESP"]

1. d4 {(10m)} 1... d5 2. c4 e6 3. Nf3 Nf6 4. Nc3 Be7 5. Bg5 Bb4 6. Bd2 Be7 7.
Bg5 Bb4 8. Bd2 Be7 9. Bg5 Bb4 10. Bd2 {
No se admite tablas antes de la jugada 27} 10... Be7 11. Bg5 $11 Bb4 12. cxd5
exd5 13. Bxf6 Qxf6 14. e3 O-O 15. Bd3 Bg4 16. h3 Bxf3 17. Qxf3 Qxf3 18. gxf3
Bxc3+ 19. bxc3 Nd7 20. Bf5 Nf6 21. O-O c6 22. Rab1 Rab8 23. Rb2 Rfe8 24. Rfb1
b6 25. Kg2 g6 26. Bd3 Kg7 27. a4 h5 28. h4 Rbd8 29. a5 b5 30. Re1 Re7 31. Rbe2
$11 {(15m- 5m)}  1/2-1/2

[Event "XXVI OPEN INTERNACIONAL AYTO DE ERANDIO 2017"]
[Site "Erandio (Bizkaia)"]
[Date "2017.12.21"]
[Round "6"]
[Board "6"]
[White "Garrido Legarreta, Jose Javier"]
[Black "Cuero Reid, Maximo Javier"]
[Result "1/2-1/2"]
[WhiteElo "1991"]
[BlackElo "1800"]
[PlyCount "54"]
[EventDate "2017.12.16"]
[EventRounds "8"]
[EventCountry "ESP"]

1. c4 Nc6 2. Nc3 Ne5 3. d4 Nxc4 4. e4 Nb6 5. d5 d6 6. Bd3 e5 7. Nf3 Be7 8. O-O
Nf6 9. h3 a6 10. Be3 Nbd7 11. a4 Nf8 12. b4 Ng6 13. b5 axb5 14. axb5 Rxa1 15.
Qxa1 Nh5 16. Ne2 O-O 17. Rc1 f5 18. exf5 Bxf5 19. Bxf5 Rxf5 20. Qc3 Qf8 21.
Qxc7 Rf6 22. Qc4 Rf7 23. Kh1 Nhf4 24. Bxf4 Nxf4 25. Ng3 g5 26. Ne4 Qh6 27. Rc3
Rf8  1/2-1/2

[Event "XXVI OPEN INTERNACIONAL AYTO DE ERANDIO 2017"]
[Site "Erandio (Bizkaia)"]
[Date "2017.12.21"]
[Round "6"]
[Board "7"]
[White "Garcia Rodriguez, Inaki"]
[Black "Garcinuno Gonzalez, David"]
[Result "1-0"]
[WhiteElo "1965"]
[BlackElo "1745"]
[PlyCount "135"]
[EventDate "2017.12.16"]
[EventRounds "8"]
[EventCountry "ESP"]

1. d4 Nf6 2. Bg5 d5 3. Bxf6 gxf6 4. e3 c5 5. dxc5 e6 6. b4 a5 7. b5 Bxc5 8. Nf3
Qc7 9. Nbd2 Nd7 10. c4 Nb6 11. cxd5 Nxd5 12. Rc1 Qb6 13. Nc4 Bb4+ 14. Nfd2 Qd8
15. a3 Be7 16. Qb3 Bd7 17. e4 Nf4 18. g3 Ng6 19. Bg2 a4 20. Qb2 e5 21. O-O O-O
22. Rfd1 Bc5 23. Nf1 Qe7 24. Nfe3 Bd4 25. Rxd4 exd4 26. Nd5 Qd8 27. Qxd4 Kg7
28. Nd6 Be6 29. Nxb7 Qd7 30. Rc7 Qxb5 31. Nxf6 Qe5 32. Qxe5 Nxe5 33. Nh5+ Kh8
34. f4 Nd3 35. Nd6 Rab8 36. h3 Rb1+ 37. Kh2 Ra1 38. f5 Bb3 39. Nb5 Ne1 40. Nf4
Nc2 41. e5 Nxa3 42. Nxa3 Rxa3 43. e6 fxe6 44. fxe6 Ra2 45. e7 Re8 46. Kg1 Rxg2+
47. Kxg2 Bf7 48. Ra7 a3 49. Rxa3 Rxe7 50. Kf3 Kg7 51. g4 Rb7 52. Kg3 Rb3+ 53.
Rxb3 Bxb3 54. Nh5+ Kf7 55. Kf4 Bc2 56. Kg5 Bb1 57. Ng3 Bg6 58. h4 Kg7 59. Nf5+
Kh8 60. Kf6 Be8 61. Ke7 Ba4 62. Kf8 Bb3 63. Nh6 Ba2 64. Nf7+ Bxf7 65. Kxf7 h5
66. g5 Kh7 67. g6+ Kh6 68. g7  1-0

[Event "XXVI OPEN INTERNACIONAL AYTO DE ERANDIO 2017"]
[Site "Erandio (Bizkaia)"]
[Date "2017.12.21"]
[Round "6"]
[Board "9"]
[White "Asensio Arino, Juan Angel"]
[Black "Salas Martin, Javier"]
[Result "0-1"]
[WhiteElo "1526"]
[BlackElo "1822"]
[PlyCount "32"]
[EventDate "2017.12.16"]
[EventRounds "8"]
[EventCountry "ESP"]

1. d4 Nf6 2. e3 d5 3. f4 e6 4. Bd3 b6 5. Nf3 Ba6 6. O-O c5 7. Bxa6 Nxa6 8. c3
Be7 9. Ne5 Qc8 10. Nd2 O-O 11. Nb3 Nc7 12. g4 Nb5 13. g5 Ne8 14. Qh5 g6 15. Qh3
f6 16. gxf6 Bxf6  0-1

[Event "XXVI OPEN INTERNACIONAL AYTO DE ERANDIO 2017"]
[Site "Erandio (Bizkaia)"]
[Date "2017.12.22"]
[Round "7"]
[Board "1"]
[White "Moreto Quintana, Alex"]
[Black "Segura Del Frago, Imanol"]
[Result "1/2-1/2"]
[WhiteElo "2076"]
[BlackElo "1961"]
[PlyCount "160"]
[EventDate "2017.12.16"]
[EventRounds "8"]
[EventCountry "ESP"]

1. d4 Nf6 2. c4 e6 3. Nc3 Bb4 4. Bg5 c5 5. d5 Bxc3+ 6. bxc3 d6 7. Qa4+ Qd7 8.
Qc2 e5 9. Bxf6 gxf6 10. g3 Qf5 11. e4 Qh5 12. Rb1 O-O 13. Be2 Qg6 14. Nf3 Re8
15. Nh4 Qg5 16. Qa4 Bd7 17. Qa5 b6 18. Qa3 f5 19. exf5 Bxf5 20. Nxf5 Qxf5 21.
O-O Nd7 22. Qc1 e4 23. Qc2 Qg6 24. Rbe1 Ne5 25. h4 f5 26. Qd2 Re7 27. h5 Qf6
28. Qf4 Rae8 29. Kg2 Kh8 30. Rh1 Rg8 31. Kf1 Reg7 32. Rh4 Rg5 33. Qd2 h6 34.
Rf4 Qf7 35. Kg2 Kh7 36. Rh1 Nd7 37. Kf1 Qe8 38. Qc2 Qe5 39. Qa4 R8g7 40. Qc2
Kh8 41. Qd2 Nf6 42. Qe3 b5 43. Qc1 bxc4 44. Bxc4 Nxd5 45. Bxd5 Qxd5 46. Qb1 Rb7
47. Qc2 c4 48. Kg2 e3+ 49. Rf3 Rbg7 50. Rd1 Qc6 51. Rd4 exf2 52. Qxf2 Rxh5 53.
Rdf4 Rhg5 54. Kh2 Rf7 55. Qd4+ Kg8 56. Qxc4 Qd7 57. Qd5 Kg7 58. Qd4+ Kg6 59.
Qd3 Qe6 60. Rd4 Qxa2+ 61. Kg1 Rf6 62. Rxd6 Qf7 63. Rd7 Qe8 64. Rxa7 Qe1+ 65.
Kg2 Re6 66. Ra2 h5 67. Rf4 Qe3 68. Qxe3 Rxe3 69. Ra6+ Kf7 70. Rf3 Re2+ 71. Kh3
Re5 72. Rd3 Re7 73. Rdd6 Re3 74. Ra7+ Ke8 75. Rb6 Rexg3+ 76. Kh2 Rg2+ 77. Kh1
Rg1+ 78. Kh2 R1g2+ 79. Kh1 Rg1+ 80. Kh2 R1g2+  1/2-1/2

[Event "XXVI OPEN INTERNACIONAL AYTO DE ERANDIO 2017"]
[Site "Erandio (Bizkaia)"]
[Date "2017.12.22"]
[Round "7"]
[Board "2"]
[White "Mate Adan, Carlos"]
[Black "Uria Ramirez, Aitor"]
[Result "1-0"]
[WhiteElo "2257"]
[BlackElo "1942"]
[PlyCount "219"]
[EventDate "2017.12.16"]
[EventRounds "8"]
[EventCountry "ESP"]

1. d4 Nf6 2. Bg5 Ne4 3. Bf4 c5 4. f3 Nf6 5. d5 Qb6 6. Nc3 d6 7. e4 Bd7 8. Qd2
g6 9. Nge2 Bg7 10. Bh6 Bxh6 11. Qxh6 Qxb2 12. Rb1 Qxc2 13. Rd1 Qb2 14. Rb1 Qa3
15. Rxb7 Qa5 16. g3 Na6 17. Rb2 Nb4 18. Rd2 Bb5 19. Kf2 Nd3+ 20. Kg2 Ne1+ 21.
Kf2 Nd3+ 22. Kg2 Ba6 23. g4 c4 24. Qe3 Nd7 25. f4 g5 26. Nd1 Rg8 27. fxg5 N7e5
28. h3 Ne1+ 29. Kg3 N1f3 30. Ndc3 Nxd2 31. Qxd2 Rb8 32. Nd4 Qa3 33. Rh2 Rb1 34.
Nc2 Nf3 35. Nxa3 Nxd2 36. Rxd2 Rxf1 37. Rb2 Rc1 38. Nab1 Kd7 39. Rb4 Rxg5 40.
Ra4 Bb7 41. Rxa7 Kc8 42. Ra4 Rg6 43. Rxc4+ Kd8 44. a4 h5 45. Rb4 hxg4 46. Rxb7
gxh3+ 47. Kh2 Rcg1 48. Rb2 R1g2+ 49. Rxg2 hxg2 50. Kg1 Kc7 51. Nd2 Kb6 52. Nd1
Ka5 53. Ne3 e6 54. dxe6 Rxe6 55. Kxg2 Kxa4 56. Kf3 Kb4 57. Kf4 Kc3 58. Nf3 Kd3
59. Ne1+ Kd2 60. Nf3+ Kd3 61. Ng5 Rf6+ 62. Nf5 Ke2 63. Nf3 Kd3 64. N3d4 Kc4 65.
Ke3 Rg6 66. Nh4 Rg4 67. Nhf3 Rxe4+ 68. Kxe4 f5+ 69. Kxf5 Kd3 70. Kf4 Kc4 71.
Ke4 d5+ 72. Ke3 Kc5 73. Nd2 Kd6 74. N2b3 Ke5 75. Kf3 Kf6 76. Kf4 Kg6 77. Nc5
Kf6 78. Nd3 Kg6 79. Ke5 Kg5 80. Nf2 Kg6 81. Nh3 Kf7 82. Nf2 Kg6 83. Nd1 Kg5 84.
Ne3 Kg6 85. Kf4 Kf6 86. Ng2 Kg6 87. Ke5 Kg5 88. Ne3 Kg6 89. Kf4 Kf6 90. Ng4+
Kg6 91. Nf3 d4 92. Nfe5+ Kg7 93. Nd3 Kg6 94. Ke5 Kf7 95. Kd6 Kg6 96. Ke6 Kg5
97. Nge5 Kh4 98. Kf5 Kg3 99. Ke4 Kg2 100. Kf4 Kh3 101. Nf3 Kg2 102. Ng5 Kf1
103. Kf3 Kg1 104. Ne4 Kf1 105. Nd2+ Kg1 106. Kg3 Kh1 107. Nf2+ Kg1 108. Nh3+
Kh1 109. Ne4 d3 110. Nef2#  1-0

[Event "XXVI OPEN INTERNACIONAL AYTO DE ERANDIO 2017"]
[Site "Erandio (Bizkaia)"]
[Date "2017.12.22"]
[Round "7"]
[Board "3"]
[White "Perez Pacheco, Ricardo"]
[Black "Laiz Ibanez, Hector"]
[Result "1/2-1/2"]
[WhiteElo "2205"]
[BlackElo "2253"]
[PlyCount "97"]
[EventDate "2017.12.16"]
[EventRounds "8"]
[EventCountry "ESP"]

1. e4 c5 2. Nf3 d6 3. d4 cxd4 4. Nxd4 Nf6 5. f3 e5 6. Nb3 a5 7. Bb5+ Nbd7 8.
Nc3 Be7 9. Be3 O-O 10. Qe2 Qc7 11. O-O-O Nb6 12. Nd2 Be6 13. Bxb6 Qxb6 14. Nc4
Qc5 15. Ne3 Rfc8 16. g4 Nd7 17. Ned5 Bd8 18. h4 Nb8 19. Na4 Qa7 20. Kb1 Na6 21.
Ne3 Nc7 22. Nc3 Qc5 23. Ned5 Nxb5 24. Qxb5 Qxb5 25. Nxb5 Ra6 26. Ne3 Rcc6 27.
b3 Kf8 28. Nf5 Bxf5 29. gxf5 Ke7 30. a4 Bb6 31. Rd3 Bc5 32. Nc3 Rc8 33. Nd5+
Kd7 34. Rh2 Raa8 35. c3 Rcb8 36. Rg2 g6 37. Nf6+ Ke7 38. Nd5+ Kd7 39. fxg6 hxg6
40. h5 b5 41. axb5 Rxb5 42. c4 Rb7 43. hxg6 fxg6 44. Rxg6 Kc6 45. Kc2 Rh8 46.
Rd2 Rhb8 47. Rd3 Rh8 48. Rd2 Rhb8 49. Rd3  1/2-1/2

[Event "XXVI OPEN INTERNACIONAL AYTO DE ERANDIO 2017"]
[Site "Erandio (Bizkaia)"]
[Date "2017.12.22"]
[Round "7"]
[Board "4"]
[White "Prieto Aranguren, Alain"]
[Black "Garcia Rodriguez, Inaki"]
[Result "1-0"]
[WhiteElo "2238"]
[BlackElo "1965"]
[PlyCount "57"]
[EventDate "2017.12.16"]
[EventRounds "8"]
[EventCountry "ESP"]

1. d4 Nf6 2. c4 e5 3. dxe5 Ng4 4. Nf3 Nc6 5. Bf4 Bb4+ 6. Nbd2 Qe7 7. e3 Ngxe5
8. Nxe5 Nxe5 9. Be2 Qd6 10. a3 Bxd2+ 11. Qxd2 Qxd2+ 12. Kxd2 d6 13. c5 Ng6 14.
Bg3 dxc5 15. Bxc7 Bd7 16. Rhc1 b6 17. b4 O-O 18. bxc5 bxc5 19. Rxc5 f5 20. Bf3
Rac8 21. Bb7 Rce8 22. Ra5 f4 23. e4 Rf6 24. Rc1 Ne7 25. Rxa7 Nc6 26. Ra4 Ree6
27. e5 Rh6 28. Bd6 Ne7 29. Ra7  1-0

[Event "XXVI OPEN INTERNACIONAL AYTO DE ERANDIO 2017"]
[Site "Erandio (Bizkaia)"]
[Date "2017.12.22"]
[Round "7"]
[Board "5"]
[White "Salas Martin, Javier"]
[Black "Fernandez Almeida, Joseba"]
[Result "0-1"]
[WhiteElo "1822"]
[BlackElo "1811"]
[PlyCount "80"]
[EventDate "2017.12.16"]
[EventRounds "8"]
[EventCountry "ESP"]

1. d4 e6 2. c4 Nf6 3. Nf3 b6 4. a3 Bb7 5. Nc3 Be7 6. d5 exd5 7. cxd5 d6 8. g3
Nbd7 9. Bg2 O-O 10. O-O Re8 11. Re1 Ne5 12. e4 Nxf3+ 13. Qxf3 h6 14. Bd2 Nd7
15. Qh5 Nf6 16. Qd1 Bf8 17. Rc1 a6 18. Qc2 Bc8 19. Ne2 Ra7 20. Nd4 Bd7 21. Bh3
Bxh3 22. Nc6 Qa8 23. Nxa7 Qxa7 24. f3 Rc8 25. Be3 g6 26. Kf2 Bd7 27. h4 Bg7 28.
Qd2 Kh7 29. Rh1 Re8 30. Qc2 Rc8 31. a4 a5 32. b3 c6 33. Qd3 cxd5 34. Rxc8 Bxc8
35. exd5 Bb7 36. h5 Nxd5 37. hxg6+ fxg6 38. Bc1 b5+ 39. Kg2 Nf6 40. Qxd6 Ng4
 0-1